000 00318 a2200145 4500
001 174413
020 _a
040 _cMagnum
100 _aViana, Vivina de Assis
240 1 0 _aO dia de ver meu pai
_lpor
245 1 0 _aO dia de ver meu pai
362 0 _a1899
697 _aLITERATURA INFANTO-JUVENIL
942 _cBK
999 _c174413
_d174413